<?xml version="1.0" encoding="UTF-8"?>
<record
    xmlns:xsi="http://www.w3.org/2001/XMLSchema-instance"
    xsi:schemaLocation="http://www.loc.gov/MARC21/slim http://www.loc.gov/standards/marcxml/schema/MARC21slim.xsd"
    xmlns="http://www.loc.gov/MARC21/slim">

  <leader>01077nam a22002777a 4500</leader>
  <datafield tag="999" ind1=" " ind2=" ">
    <subfield code="c">100031</subfield>
    <subfield code="d">100031</subfield>
  </datafield>
  <controlfield tag="005">20230113145411.0</controlfield>
  <datafield tag="010" ind1=" " ind2=" ">
    <subfield code="a">1617EN        ENG-115127  ENG-136000</subfield>
  </datafield>
  <datafield tag="020" ind1=" " ind2=" ">
    <subfield code="a">9788120352278</subfield>
    <subfield code="c">595.00</subfield>
  </datafield>
  <datafield tag="035" ind1=" " ind2=" ">
    <subfield code="a">B-653593-621</subfield>
  </datafield>
  <datafield tag="035" ind1=" " ind2=" ">
    <subfield code="a">EN-98659</subfield>
  </datafield>
  <datafield tag="035" ind1=" " ind2=" ">
    <subfield code="a">EN-119532</subfield>
  </datafield>
  <datafield tag="035" ind1=" " ind2=" ">
    <subfield code="a">B-665167</subfield>
  </datafield>
  <datafield tag="035" ind1=" " ind2=" ">
    <subfield code="a">B-663823</subfield>
  </datafield>
  <datafield tag="037" ind1=" " ind2=" ">
    <subfield code="b">Bookwell </subfield>
    <subfield code="a">dpl</subfield>
  </datafield>
  <datafield tag="037" ind1=" " ind2=" ">
    <subfield code="b">DBAD/PUB</subfield>
  </datafield>
  <datafield tag="082" ind1=" " ind2=" ">
    <subfield code="a">000</subfield>
  </datafield>
  <datafield tag="100" ind1=" " ind2=" ">
    <subfield code="a">Praveen, R.V.</subfield>
  </datafield>
  <datafield tag="245" ind1=" " ind2=" ">
    <subfield code="a">Quantitative aptitude and reasoning /</subfield>
    <subfield code="c">by R.V. Praveen</subfield>
  </datafield>
  <datafield tag="250" ind1=" " ind2=" ">
    <subfield code="a">3rd ed</subfield>
  </datafield>
  <datafield tag="260" ind1=" " ind2=" ">
    <subfield code="a">Delhi</subfield>
    <subfield code="b">PHI Learning </subfield>
    <subfield code="c">2016</subfield>
  </datafield>
  <datafield tag="270" ind1=" " ind2=" ">
    <subfield code="a">Rimjhim House, 111, Patparganj Industrial Estate</subfield>
    <subfield code="b">Delhi</subfield>
    <subfield code="e">110092</subfield>
  </datafield>
  <datafield tag="300" ind1=" " ind2=" ">
    <subfield code="a">various pagings :</subfield>
    <subfield code="c">24cm(pbk)</subfield>
    <subfield code="b">ill.</subfield>
  </datafield>
  <datafield tag="942" ind1=" " ind2=" ">
    <subfield code="2">ddc</subfield>
    <subfield code="c">EN</subfield>
    <subfield code="m">PRA</subfield>
    <subfield code="h">000</subfield>
  </datafield>
  <datafield tag="952" ind1=" " ind2=" ">
    <subfield code="0">0</subfield>
    <subfield code="1">0</subfield>
    <subfield code="4">0</subfield>
    <subfield code="7">1</subfield>
    <subfield code="8">NFIC</subfield>
    <subfield code="a">DBAD</subfield>
    <subfield code="b">DBAD</subfield>
    <subfield code="d">2016-05-20</subfield>
    <subfield code="e">DBAD/PUB</subfield>
    <subfield code="g">595.00</subfield>
    <subfield code="l">0</subfield>
    <subfield code="o">000 PRA</subfield>
    <subfield code="p">EN-98659</subfield>
    <subfield code="r">2016-05-20 00:00:00</subfield>
    <subfield code="t">1</subfield>
    <subfield code="v">595.00</subfield>
    <subfield code="y">EN</subfield>
  </datafield>
  <datafield tag="952" ind1=" " ind2=" ">
    <subfield code="0">0</subfield>
    <subfield code="1">0</subfield>
    <subfield code="4">0</subfield>
    <subfield code="7">0</subfield>
    <subfield code="8">NFIC</subfield>
    <subfield code="a">L</subfield>
    <subfield code="b">L</subfield>
    <subfield code="d">2017-02-17</subfield>
    <subfield code="e">ABC/BL/INVOICE N:4984/28.11.16/286/24.11.16/4.1.17</subfield>
    <subfield code="g">595.00</subfield>
    <subfield code="l">41</subfield>
    <subfield code="m">19</subfield>
    <subfield code="o">000 PRA</subfield>
    <subfield code="p">B-653593</subfield>
    <subfield code="r">2024-06-24 00:00:00</subfield>
    <subfield code="s">2024-05-16</subfield>
    <subfield code="t">1</subfield>
    <subfield code="v">595.00</subfield>
    <subfield code="w">2017-02-17</subfield>
    <subfield code="y">EN</subfield>
  </datafield>
  <datafield tag="952" ind1=" " ind2=" ">
    <subfield code="0">0</subfield>
    <subfield code="1">0</subfield>
    <subfield code="4">0</subfield>
    <subfield code="7">0</subfield>
    <subfield code="8">REF</subfield>
    <subfield code="a">L</subfield>
    <subfield code="b">L</subfield>
    <subfield code="d">2017-02-17</subfield>
    <subfield code="e">ABC/BL/INVOICE N:4984/28.11.16/286/24.11.16/4.1.17</subfield>
    <subfield code="g">595.00</subfield>
    <subfield code="l">19</subfield>
    <subfield code="m">20</subfield>
    <subfield code="o">000 PRA</subfield>
    <subfield code="p">B-653594</subfield>
    <subfield code="r">2024-07-18 00:00:00</subfield>
    <subfield code="s">2024-07-05</subfield>
    <subfield code="t">1</subfield>
    <subfield code="v">595.00</subfield>
    <subfield code="y">EN</subfield>
  </datafield>
  <datafield tag="952" ind1=" " ind2=" ">
    <subfield code="0">0</subfield>
    <subfield code="1">0</subfield>
    <subfield code="4">0</subfield>
    <subfield code="7">0</subfield>
    <subfield code="8">NFIC</subfield>
    <subfield code="a">NPL</subfield>
    <subfield code="b">NPL</subfield>
    <subfield code="d">2017-02-17</subfield>
    <subfield code="e">ABC/BL/INVOICE N:4984/28.11.16/286/24.11.16/4.1.17</subfield>
    <subfield code="g">595.00</subfield>
    <subfield code="l">0</subfield>
    <subfield code="o">000 PRA</subfield>
    <subfield code="p">B-653595</subfield>
    <subfield code="r">2017-02-17 00:00:00</subfield>
    <subfield code="t">1</subfield>
    <subfield code="v">595.00</subfield>
    <subfield code="y">EN</subfield>
  </datafield>
  <datafield tag="952" ind1=" " ind2=" ">
    <subfield code="0">0</subfield>
    <subfield code="1">0</subfield>
    <subfield code="4">0</subfield>
    <subfield code="7">0</subfield>
    <subfield code="8">NFIC</subfield>
    <subfield code="a">BL1</subfield>
    <subfield code="b">BL1</subfield>
    <subfield code="d">2017-02-17</subfield>
    <subfield code="e">ABC/BL/INVOICE N:4984/28.11.16/286/24.11.16/4.1.17</subfield>
    <subfield code="g">595.00</subfield>
    <subfield code="l">37</subfield>
    <subfield code="m">24</subfield>
    <subfield code="o">000 PRA</subfield>
    <subfield code="p">B-653596</subfield>
    <subfield code="r">2024-08-21 00:00:00</subfield>
    <subfield code="s">2024-08-21</subfield>
    <subfield code="t">1</subfield>
    <subfield code="v">595.00</subfield>
    <subfield code="y">EN</subfield>
  </datafield>
  <datafield tag="952" ind1=" " ind2=" ">
    <subfield code="0">0</subfield>
    <subfield code="1">0</subfield>
    <subfield code="4">0</subfield>
    <subfield code="7">0</subfield>
    <subfield code="8">NFIC</subfield>
    <subfield code="a">KGM</subfield>
    <subfield code="b">KGM</subfield>
    <subfield code="d">2017-02-17</subfield>
    <subfield code="e">ABC/BL/INVOICE N:4984/28.11.16/286/24.11.16/4.1.17</subfield>
    <subfield code="g">595.00</subfield>
    <subfield code="l">10</subfield>
    <subfield code="m">9</subfield>
    <subfield code="o">000 PRA</subfield>
    <subfield code="p">B-653597</subfield>
    <subfield code="r">2020-10-19 00:00:00</subfield>
    <subfield code="s">2020-08-17</subfield>
    <subfield code="t">1</subfield>
    <subfield code="v">595.00</subfield>
    <subfield code="y">EN</subfield>
  </datafield>
  <datafield tag="952" ind1=" " ind2=" ">
    <subfield code="0">0</subfield>
    <subfield code="1">0</subfield>
    <subfield code="4">0</subfield>
    <subfield code="7">0</subfield>
    <subfield code="8">NFIC</subfield>
    <subfield code="a">PR</subfield>
    <subfield code="b">PR</subfield>
    <subfield code="d">2017-02-17</subfield>
    <subfield code="e">ABC/BL/INVOICE N:4984/28.11.16/286/24.11.16/4.1.17</subfield>
    <subfield code="g">595.00</subfield>
    <subfield code="l">9</subfield>
    <subfield code="o">000 PRA</subfield>
    <subfield code="p">B-653598</subfield>
    <subfield code="r">2019-08-22 00:00:00</subfield>
    <subfield code="s">2019-08-08</subfield>
    <subfield code="t">1</subfield>
    <subfield code="v">595.00</subfield>
    <subfield code="y">EN</subfield>
  </datafield>
  <datafield tag="952" ind1=" " ind2=" ">
    <subfield code="0">0</subfield>
    <subfield code="1">0</subfield>
    <subfield code="4">0</subfield>
    <subfield code="7">0</subfield>
    <subfield code="8">NFIC</subfield>
    <subfield code="a">TN</subfield>
    <subfield code="b">TN</subfield>
    <subfield code="d">2017-02-17</subfield>
    <subfield code="e">ABC/BL/INVOICE N:4984/28.11.16/286/24.11.16/4.1.17</subfield>
    <subfield code="g">595.00</subfield>
    <subfield code="l">20</subfield>
    <subfield code="m">13</subfield>
    <subfield code="o">000 PRA</subfield>
    <subfield code="p">B-653599</subfield>
    <subfield code="r">2023-09-27 00:00:00</subfield>
    <subfield code="s">2023-08-11</subfield>
    <subfield code="t">1</subfield>
    <subfield code="v">595.00</subfield>
    <subfield code="y">EN</subfield>
  </datafield>
  <datafield tag="952" ind1=" " ind2=" ">
    <subfield code="0">0</subfield>
    <subfield code="1">0</subfield>
    <subfield code="4">0</subfield>
    <subfield code="7">0</subfield>
    <subfield code="8">NFIC</subfield>
    <subfield code="a">JP</subfield>
    <subfield code="b">JP</subfield>
    <subfield code="d">2017-02-17</subfield>
    <subfield code="e">ABC/BL/INVOICE N:4984/28.11.16/286/24.11.16/4.1.17</subfield>
    <subfield code="g">595.00</subfield>
    <subfield code="l">49</subfield>
    <subfield code="m">31</subfield>
    <subfield code="o">000 PRA</subfield>
    <subfield code="p">B-653600</subfield>
    <subfield code="r">2025-01-06 00:00:00</subfield>
    <subfield code="s">2024-11-28</subfield>
    <subfield code="t">1</subfield>
    <subfield code="v">595.00</subfield>
    <subfield code="y">EN</subfield>
  </datafield>
  <datafield tag="952" ind1=" " ind2=" ">
    <subfield code="0">0</subfield>
    <subfield code="1">0</subfield>
    <subfield code="4">0</subfield>
    <subfield code="7">0</subfield>
    <subfield code="8">NFIC</subfield>
    <subfield code="a">ZLS</subfield>
    <subfield code="b">ZLS</subfield>
    <subfield code="d">2017-02-17</subfield>
    <subfield code="e">ABC/BL/INVOICE N:4984/28.11.16/286/24.11.16/4.1.17</subfield>
    <subfield code="g">595.00</subfield>
    <subfield code="l">25</subfield>
    <subfield code="m">31</subfield>
    <subfield code="o">000 PRA</subfield>
    <subfield code="p">B-653601</subfield>
    <subfield code="r">2026-01-13 00:00:00</subfield>
    <subfield code="s">2025-12-05</subfield>
    <subfield code="t">1</subfield>
    <subfield code="v">595.00</subfield>
    <subfield code="y">EN</subfield>
  </datafield>
  <datafield tag="952" ind1=" " ind2=" ">
    <subfield code="0">0</subfield>
    <subfield code="1">0</subfield>
    <subfield code="4">0</subfield>
    <subfield code="7">0</subfield>
    <subfield code="8">NFIC</subfield>
    <subfield code="a">RKP</subfield>
    <subfield code="b">RKP</subfield>
    <subfield code="d">2017-02-17</subfield>
    <subfield code="e">ABC/BL/INVOICE N:4984/28.11.16/286/24.11.16/4.1.17</subfield>
    <subfield code="g">595.00</subfield>
    <subfield code="l">9</subfield>
    <subfield code="m">7</subfield>
    <subfield code="o">000 PRA</subfield>
    <subfield code="p">B-653602</subfield>
    <subfield code="r">2024-02-20 00:00:00</subfield>
    <subfield code="s">2024-02-05</subfield>
    <subfield code="t">1</subfield>
    <subfield code="v">595.00</subfield>
    <subfield code="y">EN</subfield>
  </datafield>
  <datafield tag="952" ind1=" " ind2=" ">
    <subfield code="0">0</subfield>
    <subfield code="1">0</subfield>
    <subfield code="4">0</subfield>
    <subfield code="7">0</subfield>
    <subfield code="8">NFIC</subfield>
    <subfield code="a">AG</subfield>
    <subfield code="b">AG</subfield>
    <subfield code="d">2017-02-17</subfield>
    <subfield code="e">ABC/BL/INVOICE N:4984/28.11.16/286/24.11.16/4.1.17</subfield>
    <subfield code="g">595.00</subfield>
    <subfield code="l">23</subfield>
    <subfield code="m">9</subfield>
    <subfield code="o">000 PRA</subfield>
    <subfield code="p">B-653603</subfield>
    <subfield code="r">2022-07-02 00:00:00</subfield>
    <subfield code="s">2022-06-16</subfield>
    <subfield code="t">1</subfield>
    <subfield code="v">595.00</subfield>
    <subfield code="y">EN</subfield>
  </datafield>
  <datafield tag="952" ind1=" " ind2=" ">
    <subfield code="0">0</subfield>
    <subfield code="1">0</subfield>
    <subfield code="4">0</subfield>
    <subfield code="7">0</subfield>
    <subfield code="8">NFIC</subfield>
    <subfield code="a">SP</subfield>
    <subfield code="b">SP</subfield>
    <subfield code="d">2017-02-17</subfield>
    <subfield code="e">ABC/BL/INVOICE N:4984/28.11.16/286/24.11.16/4.1.17</subfield>
    <subfield code="g">595.00</subfield>
    <subfield code="l">0</subfield>
    <subfield code="o">000 PRA</subfield>
    <subfield code="p">B-653604</subfield>
    <subfield code="r">2017-02-17 00:00:00</subfield>
    <subfield code="t">1</subfield>
    <subfield code="v">595.00</subfield>
    <subfield code="y">EN</subfield>
  </datafield>
  <datafield tag="952" ind1=" " ind2=" ">
    <subfield code="0">0</subfield>
    <subfield code="1">0</subfield>
    <subfield code="4">0</subfield>
    <subfield code="7">0</subfield>
    <subfield code="8">NFIC</subfield>
    <subfield code="a">ZLS</subfield>
    <subfield code="b">ZLS</subfield>
    <subfield code="d">2017-02-17</subfield>
    <subfield code="e">ABC/BL/INVOICE N:4984/28.11.16/286/24.11.16/4.1.17</subfield>
    <subfield code="g">595.00</subfield>
    <subfield code="l">36</subfield>
    <subfield code="m">21</subfield>
    <subfield code="o">000 PRA</subfield>
    <subfield code="p">B-653605</subfield>
    <subfield code="r">2023-06-28 00:00:00</subfield>
    <subfield code="s">2023-06-09</subfield>
    <subfield code="t">1</subfield>
    <subfield code="v">595.00</subfield>
    <subfield code="y">EN</subfield>
  </datafield>
  <datafield tag="952" ind1=" " ind2=" ">
    <subfield code="0">0</subfield>
    <subfield code="1">0</subfield>
    <subfield code="4">0</subfield>
    <subfield code="7">0</subfield>
    <subfield code="8">NFIC</subfield>
    <subfield code="a">VP</subfield>
    <subfield code="b">VP</subfield>
    <subfield code="d">2017-02-17</subfield>
    <subfield code="e">ABC/BL/INVOICE N:4984/28.11.16/286/24.11.16/4.1.17</subfield>
    <subfield code="g">595.00</subfield>
    <subfield code="l">20</subfield>
    <subfield code="m">12</subfield>
    <subfield code="o">000 PRA</subfield>
    <subfield code="p">B-653606</subfield>
    <subfield code="q">2020-11-24</subfield>
    <subfield code="r">2020-11-10 00:00:00</subfield>
    <subfield code="s">2020-11-10</subfield>
    <subfield code="t">1</subfield>
    <subfield code="v">595.00</subfield>
    <subfield code="y">EN</subfield>
  </datafield>
  <datafield tag="952" ind1=" " ind2=" ">
    <subfield code="0">0</subfield>
    <subfield code="1">0</subfield>
    <subfield code="4">0</subfield>
    <subfield code="7">0</subfield>
    <subfield code="8">NFIC</subfield>
    <subfield code="a">BN</subfield>
    <subfield code="b">BN</subfield>
    <subfield code="d">2017-02-17</subfield>
    <subfield code="e">ABC/BL/INVOICE N:4984/28.11.16/286/24.11.16/4.1.17</subfield>
    <subfield code="g">595.00</subfield>
    <subfield code="l">34</subfield>
    <subfield code="m">3</subfield>
    <subfield code="o">000 PRA</subfield>
    <subfield code="p">B-653607</subfield>
    <subfield code="r">2025-11-17 00:00:00</subfield>
    <subfield code="s">2025-10-17</subfield>
    <subfield code="t">1</subfield>
    <subfield code="v">595.00</subfield>
    <subfield code="y">EN</subfield>
  </datafield>
  <datafield tag="952" ind1=" " ind2=" ">
    <subfield code="0">0</subfield>
    <subfield code="1">0</subfield>
    <subfield code="4">0</subfield>
    <subfield code="7">0</subfield>
    <subfield code="8">NFIC</subfield>
    <subfield code="a">NRR</subfield>
    <subfield code="b">NRR</subfield>
    <subfield code="d">2017-02-17</subfield>
    <subfield code="e">ABC/BL/INVOICE N:4984/28.11.16/286/24.11.16/4.1.17</subfield>
    <subfield code="g">595.00</subfield>
    <subfield code="l">14</subfield>
    <subfield code="m">22</subfield>
    <subfield code="o">000 PRA</subfield>
    <subfield code="p">B-653608</subfield>
    <subfield code="r">2024-10-18 00:00:00</subfield>
    <subfield code="s">2024-05-29</subfield>
    <subfield code="t">1</subfield>
    <subfield code="v">595.00</subfield>
    <subfield code="y">EN</subfield>
  </datafield>
  <datafield tag="952" ind1=" " ind2=" ">
    <subfield code="0">0</subfield>
    <subfield code="1">0</subfield>
    <subfield code="4">0</subfield>
    <subfield code="7">0</subfield>
    <subfield code="8">NFIC</subfield>
    <subfield code="a">BKK</subfield>
    <subfield code="b">BKK</subfield>
    <subfield code="d">2017-02-17</subfield>
    <subfield code="e">ABC/BL/INVOICE N:4984/28.11.16/286/24.11.16/4.1.17</subfield>
    <subfield code="g">595.00</subfield>
    <subfield code="l">4</subfield>
    <subfield code="m">6</subfield>
    <subfield code="o">000 PRA</subfield>
    <subfield code="p">B-653609</subfield>
    <subfield code="r">2024-07-12 00:00:00</subfield>
    <subfield code="s">2024-06-28</subfield>
    <subfield code="t">1</subfield>
    <subfield code="v">595.00</subfield>
    <subfield code="y">EN</subfield>
  </datafield>
  <datafield tag="952" ind1=" " ind2=" ">
    <subfield code="0">0</subfield>
    <subfield code="1">0</subfield>
    <subfield code="4">0</subfield>
    <subfield code="7">0</subfield>
    <subfield code="8">NFIC</subfield>
    <subfield code="a">NR</subfield>
    <subfield code="b">NR</subfield>
    <subfield code="d">2017-02-17</subfield>
    <subfield code="e">ABC/BL/INVOICE N:4984/28.11.16/286/24.11.16/4.1.17</subfield>
    <subfield code="g">595.00</subfield>
    <subfield code="l">0</subfield>
    <subfield code="o">000 PRA</subfield>
    <subfield code="p">B-653610</subfield>
    <subfield code="r">2017-02-17 00:00:00</subfield>
    <subfield code="t">1</subfield>
    <subfield code="v">595.00</subfield>
    <subfield code="y">EN</subfield>
  </datafield>
  <datafield tag="952" ind1=" " ind2=" ">
    <subfield code="0">0</subfield>
    <subfield code="1">0</subfield>
    <subfield code="4">0</subfield>
    <subfield code="7">0</subfield>
    <subfield code="8">NFIC</subfield>
    <subfield code="a">BN</subfield>
    <subfield code="b">BN</subfield>
    <subfield code="d">2017-02-17</subfield>
    <subfield code="e">ABC/BL/INVOICE N:4984/28.11.16/286/24.11.16/4.1.17</subfield>
    <subfield code="g">595.00</subfield>
    <subfield code="l">21</subfield>
    <subfield code="m">8</subfield>
    <subfield code="o">000 PRA</subfield>
    <subfield code="p">B-653611</subfield>
    <subfield code="r">2024-07-31 00:00:00</subfield>
    <subfield code="s">2024-07-16</subfield>
    <subfield code="t">1</subfield>
    <subfield code="v">595.00</subfield>
    <subfield code="y">EN</subfield>
  </datafield>
  <datafield tag="952" ind1=" " ind2=" ">
    <subfield code="0">0</subfield>
    <subfield code="1">0</subfield>
    <subfield code="4">0</subfield>
    <subfield code="7">0</subfield>
    <subfield code="8">NFIC</subfield>
    <subfield code="a">KV</subfield>
    <subfield code="b">KV</subfield>
    <subfield code="d">2017-02-17</subfield>
    <subfield code="e">ABC/BL/INVOICE N:4984/28.11.16/286/24.11.16/4.1.17</subfield>
    <subfield code="g">595.00</subfield>
    <subfield code="l">0</subfield>
    <subfield code="o">000 PRA</subfield>
    <subfield code="p">B-653612</subfield>
    <subfield code="r">2017-02-17 00:00:00</subfield>
    <subfield code="t">1</subfield>
    <subfield code="v">595.00</subfield>
    <subfield code="y">EN</subfield>
  </datafield>
  <datafield tag="952" ind1=" " ind2=" ">
    <subfield code="0">0</subfield>
    <subfield code="1">0</subfield>
    <subfield code="4">0</subfield>
    <subfield code="7">0</subfield>
    <subfield code="8">NFIC</subfield>
    <subfield code="a">MV</subfield>
    <subfield code="b">MV</subfield>
    <subfield code="d">2017-02-17</subfield>
    <subfield code="e">ABC/BL/INVOICE N:4984/28.11.16/286/24.11.16/4.1.17</subfield>
    <subfield code="g">595.00</subfield>
    <subfield code="l">0</subfield>
    <subfield code="o">000 PRA</subfield>
    <subfield code="p">B-653613</subfield>
    <subfield code="r">2017-02-17 00:00:00</subfield>
    <subfield code="t">1</subfield>
    <subfield code="v">595.00</subfield>
    <subfield code="y">EN</subfield>
  </datafield>
  <datafield tag="952" ind1=" " ind2=" ">
    <subfield code="0">0</subfield>
    <subfield code="1">0</subfield>
    <subfield code="4">0</subfield>
    <subfield code="7">0</subfield>
    <subfield code="8">NFIC</subfield>
    <subfield code="a">MP</subfield>
    <subfield code="b">MP</subfield>
    <subfield code="d">2017-02-17</subfield>
    <subfield code="e">ABC/BL/INVOICE N:4984/28.11.16/286/24.11.16/4.1.17</subfield>
    <subfield code="g">595.00</subfield>
    <subfield code="l">0</subfield>
    <subfield code="o">000 PRA</subfield>
    <subfield code="p">B-653614</subfield>
    <subfield code="r">2017-02-17 00:00:00</subfield>
    <subfield code="t">1</subfield>
    <subfield code="v">595.00</subfield>
    <subfield code="y">EN</subfield>
  </datafield>
  <datafield tag="952" ind1=" " ind2=" ">
    <subfield code="0">0</subfield>
    <subfield code="1">0</subfield>
    <subfield code="4">0</subfield>
    <subfield code="7">0</subfield>
    <subfield code="8">NFIC</subfield>
    <subfield code="a">BL4</subfield>
    <subfield code="b">BL4</subfield>
    <subfield code="d">2017-02-17</subfield>
    <subfield code="e">ABC/BL/INVOICE N:4984/28.11.16/286/24.11.16/4.1.17</subfield>
    <subfield code="g">595.00</subfield>
    <subfield code="l">29</subfield>
    <subfield code="m">25</subfield>
    <subfield code="o">000 PRA</subfield>
    <subfield code="p">B-653615</subfield>
    <subfield code="r">2024-08-24 00:00:00</subfield>
    <subfield code="s">2024-07-13</subfield>
    <subfield code="t">1</subfield>
    <subfield code="v">595.00</subfield>
    <subfield code="y">EN</subfield>
  </datafield>
  <datafield tag="952" ind1=" " ind2=" ">
    <subfield code="0">0</subfield>
    <subfield code="1">0</subfield>
    <subfield code="4">0</subfield>
    <subfield code="7">0</subfield>
    <subfield code="8">NFIC</subfield>
    <subfield code="a">YV</subfield>
    <subfield code="b">YV</subfield>
    <subfield code="d">2017-02-17</subfield>
    <subfield code="e">ABC/BL/INVOICE N:4984/28.11.16/286/24.11.16/4.1.17</subfield>
    <subfield code="g">595.00</subfield>
    <subfield code="l">8</subfield>
    <subfield code="m">13</subfield>
    <subfield code="o">000 PRA</subfield>
    <subfield code="p">B-653616</subfield>
    <subfield code="r">2024-08-20 00:00:00</subfield>
    <subfield code="s">2024-07-05</subfield>
    <subfield code="t">1</subfield>
    <subfield code="v">595.00</subfield>
    <subfield code="y">EN</subfield>
  </datafield>
  <datafield tag="952" ind1=" " ind2=" ">
    <subfield code="0">0</subfield>
    <subfield code="1">0</subfield>
    <subfield code="4">0</subfield>
    <subfield code="7">0</subfield>
    <subfield code="8">NFIC</subfield>
    <subfield code="a">ZLS</subfield>
    <subfield code="b">ZLS</subfield>
    <subfield code="d">2017-02-17</subfield>
    <subfield code="e">ABC/BL/INVOICE N:4984/28.11.16/286/24.11.16/4.1.17</subfield>
    <subfield code="g">595.00</subfield>
    <subfield code="l">28</subfield>
    <subfield code="m">26</subfield>
    <subfield code="o">000 PRA</subfield>
    <subfield code="p">B-653617</subfield>
    <subfield code="r">2022-07-02 00:00:00</subfield>
    <subfield code="s">2022-06-18</subfield>
    <subfield code="t">1</subfield>
    <subfield code="v">595.00</subfield>
    <subfield code="y">EN</subfield>
    <subfield code="z">Withdrawn List Prepared List No.4/24</subfield>
  </datafield>
  <datafield tag="952" ind1=" " ind2=" ">
    <subfield code="0">0</subfield>
    <subfield code="1">0</subfield>
    <subfield code="4">0</subfield>
    <subfield code="7">0</subfield>
    <subfield code="8">NFIC</subfield>
    <subfield code="a">RC3</subfield>
    <subfield code="b">RC3</subfield>
    <subfield code="d">2017-02-17</subfield>
    <subfield code="e">ABC/BL/INVOICE N:4984/28.11.16/286/24.11.16/4.1.17</subfield>
    <subfield code="g">595.00</subfield>
    <subfield code="l">0</subfield>
    <subfield code="o">000 PRA</subfield>
    <subfield code="p">B-653618</subfield>
    <subfield code="r">2017-02-17 00:00:00</subfield>
    <subfield code="t">4</subfield>
    <subfield code="v">595.00</subfield>
    <subfield code="y">EN</subfield>
  </datafield>
  <datafield tag="952" ind1=" " ind2=" ">
    <subfield code="0">0</subfield>
    <subfield code="1">0</subfield>
    <subfield code="4">0</subfield>
    <subfield code="7">0</subfield>
    <subfield code="8">NFIC</subfield>
    <subfield code="a">RC3</subfield>
    <subfield code="b">RC3</subfield>
    <subfield code="d">2017-02-17</subfield>
    <subfield code="e">ABC/BL/INVOICE N:4984/28.11.16/286/24.11.16/4.1.17</subfield>
    <subfield code="g">595.00</subfield>
    <subfield code="l">0</subfield>
    <subfield code="o">000 PRA</subfield>
    <subfield code="p">B-653619</subfield>
    <subfield code="r">2017-02-17 00:00:00</subfield>
    <subfield code="t">4</subfield>
    <subfield code="v">595.00</subfield>
    <subfield code="y">EN</subfield>
  </datafield>
  <datafield tag="952" ind1=" " ind2=" ">
    <subfield code="0">0</subfield>
    <subfield code="1">0</subfield>
    <subfield code="4">0</subfield>
    <subfield code="7">0</subfield>
    <subfield code="8">NFIC</subfield>
    <subfield code="a">RC3</subfield>
    <subfield code="b">RC3</subfield>
    <subfield code="d">2017-02-17</subfield>
    <subfield code="e">ABC/BL/INVOICE N:4984/28.11.16/286/24.11.16/4.1.17</subfield>
    <subfield code="g">595.00</subfield>
    <subfield code="l">0</subfield>
    <subfield code="o">000 PRA</subfield>
    <subfield code="p">B-653620</subfield>
    <subfield code="r">2017-02-17 00:00:00</subfield>
    <subfield code="t">4</subfield>
    <subfield code="v">595.00</subfield>
    <subfield code="y">EN</subfield>
  </datafield>
  <datafield tag="952" ind1=" " ind2=" ">
    <subfield code="0">0</subfield>
    <subfield code="1">0</subfield>
    <subfield code="4">0</subfield>
    <subfield code="7">0</subfield>
    <subfield code="8">NFIC</subfield>
    <subfield code="a">RC3</subfield>
    <subfield code="b">RC3</subfield>
    <subfield code="d">2017-02-17</subfield>
    <subfield code="e">ABC/BL/INVOICE N:4984/28.11.16/286/24.11.16/4.1.17</subfield>
    <subfield code="g">595.00</subfield>
    <subfield code="l">0</subfield>
    <subfield code="o">000 PRA</subfield>
    <subfield code="p">B-653621</subfield>
    <subfield code="r">2017-02-17 00:00:00</subfield>
    <subfield code="t">4</subfield>
    <subfield code="v">595.00</subfield>
    <subfield code="y">EN</subfield>
  </datafield>
  <datafield tag="952" ind1=" " ind2=" ">
    <subfield code="0">0</subfield>
    <subfield code="1">0</subfield>
    <subfield code="4">0</subfield>
    <subfield code="7">0</subfield>
    <subfield code="8">NFIC</subfield>
    <subfield code="a">AV</subfield>
    <subfield code="b">AV</subfield>
    <subfield code="d">2017-05-11</subfield>
    <subfield code="e">BPPD/EN/2016-17/AV/16-17/452/15.2.2017/5058/28.2.2017/ 7.3.2017</subfield>
    <subfield code="g">595.00</subfield>
    <subfield code="l">13</subfield>
    <subfield code="m">5</subfield>
    <subfield code="o">000 PRA</subfield>
    <subfield code="p">B-665167</subfield>
    <subfield code="r">2019-10-14 00:00:00</subfield>
    <subfield code="s">2019-08-29</subfield>
    <subfield code="t">1</subfield>
    <subfield code="v">595.00</subfield>
    <subfield code="w">2017-05-11</subfield>
    <subfield code="y">EN</subfield>
  </datafield>
  <datafield tag="952" ind1=" " ind2=" ">
    <subfield code="0">0</subfield>
    <subfield code="1">0</subfield>
    <subfield code="4">0</subfield>
    <subfield code="7">0</subfield>
    <subfield code="8">NFIC</subfield>
    <subfield code="a">AV</subfield>
    <subfield code="b">AV</subfield>
    <subfield code="d">2017-05-12</subfield>
    <subfield code="e">BPPD/EN/2013-14/AV/16-17/362/15.2.2017/1034/25.2.2017/ 1.3.2017</subfield>
    <subfield code="g">595.00</subfield>
    <subfield code="l">23</subfield>
    <subfield code="m">6</subfield>
    <subfield code="o">000 PRA</subfield>
    <subfield code="p">B-663823</subfield>
    <subfield code="r">2025-12-05 00:00:00</subfield>
    <subfield code="s">2025-11-29</subfield>
    <subfield code="t">1</subfield>
    <subfield code="v">595.00</subfield>
    <subfield code="w">2017-05-12</subfield>
    <subfield code="y">EN</subfield>
  </datafield>
  <datafield tag="952" ind1=" " ind2=" ">
    <subfield code="0">0</subfield>
    <subfield code="1">0</subfield>
    <subfield code="4">0</subfield>
    <subfield code="7">1</subfield>
    <subfield code="8">NFIC</subfield>
    <subfield code="a">DBAD</subfield>
    <subfield code="b">DBAD</subfield>
    <subfield code="d">2023-01-13</subfield>
    <subfield code="e">DBAD/PUB</subfield>
    <subfield code="g">595.00</subfield>
    <subfield code="l">0</subfield>
    <subfield code="o">000 PRA</subfield>
    <subfield code="p">EN-119532</subfield>
    <subfield code="r">2023-01-13 00:00:00</subfield>
    <subfield code="t">1</subfield>
    <subfield code="v">595.00</subfield>
    <subfield code="y">EN</subfield>
  </datafield>
</record>
